<?xml version="1.0" encoding="UTF-8"?>
<record
    xmlns:xsi="http://www.w3.org/2001/XMLSchema-instance"
    xsi:schemaLocation="http://www.loc.gov/MARC21/slim http://www.loc.gov/standards/marcxml/schema/MARC21slim.xsd"
    xmlns="http://www.loc.gov/MARC21/slim">

  <leader>00973naa a2200193 i 4500</leader>
  <controlfield tag="001">1571</controlfield>
  <controlfield tag="003">KOSZ 005</controlfield>
  <controlfield tag="005">20180124104531.0</controlfield>
  <controlfield tag="008">150429s2009    pl  n  f     |000  0pol</controlfield>
  <datafield tag="040" ind1=" " ind2=" ">
    <subfield code="c">BPK</subfield>
    <subfield code="d">KOSZ 005/EG</subfield>
  </datafield>
  <datafield tag="080" ind1=" " ind2=" ">
    <subfield code="a">304</subfield>
  </datafield>
  <datafield tag="100" ind1="1" ind2=" ">
    <subfield code="a">GABRYSZAK, Renata.</subfield>
    <subfield code="d"> 2003 - . </subfield>
    <subfield code="b"> Politechnika Koszali&#x144;ska - Instytut Ekonomii i Zarz&#x105;dzania,</subfield>
    <subfield code="c">Katedra Mikroekonomii i Ekonomii Stosowanej</subfield>
  </datafield>
  <datafield tag="245" ind1="1" ind2="0">
    <subfield code="a">Wyzwania dla polityki spo&#x142;ecznej /</subfield>
    <subfield code="c">Renata Gabryszak.</subfield>
  </datafield>
  <datafield tag="500" ind1=" " ind2=" ">
    <subfield code="a">Dane z autopsji.</subfield>
  </datafield>
  <datafield tag="520" ind1=" " ind2=" ">
    <subfield code="a">W artykule poruszono problem nier&#xF3;wno&#x15B;ci i patologii spo&#x142;ecznych, motywy migracji mi&#x119;dzynarodowych ludno&#x15B;ci oraz modele pa&#x144;stwa i argumenty przemawiaj&#x105;ce za ograniczeniem jego funkcji socjalnych.</subfield>
  </datafield>
  <datafield tag="650" ind1=" " ind2="0">
    <subfield code="a">Polityka spo&#x142;eczna.</subfield>
  </datafield>
  <datafield tag="773" ind1="0" ind2=" ">
    <subfield code="i">W :</subfield>
    <subfield code="t">Wprowadzenie do polityki spo&#x142;ecznej : praca zbiorowa / pod red. Renaty Gabryszak i Dariusza Magierka. -</subfield>
    <subfield code="d">Warszawa : Centrum Doradztwa i Informacji Difin, 2009. -</subfield>
    <subfield code="g">s. 235-253</subfield>
  </datafield>
  <datafield tag="942" ind1=" " ind2=" ">
    <subfield code="c">ROZ</subfield>
    <subfield code="2">UKD</subfield>
  </datafield>
  <datafield tag="999" ind1=" " ind2=" ">
    <subfield code="c">1571</subfield>
    <subfield code="d">1571</subfield>
  </datafield>
  <datafield tag="952" ind1=" " ind2=" ">
    <subfield code="0">0</subfield>
    <subfield code="1">0</subfield>
    <subfield code="4">0</subfield>
    <subfield code="7">0</subfield>
    <subfield code="a">BPK</subfield>
    <subfield code="b">BPK</subfield>
    <subfield code="o">91459</subfield>
    <subfield code="y">ROZ</subfield>
  </datafield>
</record>
